Annual Survey of Industrial Production: (Record no. 6868)

000 -LEADER
fixed length control field 00412nam a22001097a 4500
008 - FIXED-LENGTH DATA ELEMENTS--GENERAL INFORMATION
fixed length control field 200401b ||||| |||| 00| 0 eng d
245 ## - TITLE STATEMENT
Title Annual Survey of Industrial Production:
Remainder of title Statistical Report/
Statement of responsibility, etc. Ministry of Finance and economic Affairs,
Medium English.
260 ## - PUBLICATION, DISTRIBUTION, ETC. (IMPRINT)
Place of publication, distribution, etc. Dar Es Salaam:
Name of publisher, distributor, etc. National Bureau of Statistics,
Date of publication, distribution, etc. 2010.
300 ## - PHYSICAL DESCRIPTION
Extent viii, 87p;
Other physical details ill;
Dimensions 30cm.-
650 ## - SUBJECT ADDED ENTRY--TOPICAL TERM
Source of heading or term INDUSTRIAL PRODUCTION
942 ## - ADDED ENTRY ELEMENTS (KOHA)
Source of classification or shelving scheme
Koha item type BOOKS

No items available.

IRDP © 2019 :: Managed by IRDP ICT Unit